College Quizbowl Stats
College Quizbowl Stats
Circuits
Seasons
Sets
Records
Detailed Stats
About
Loading...
2024 ESPN @ Chicago
Tossups
Bonuses
Players
Teams
Categories (Tossup)
Categories (Bonus)
Max Brodsky
Nobodaddy but you
Categories
Category
Powers
Gets
Negs
BBs
Points
Earliest Buzz
Avg. Buzz
First Buzzes
Top 3 Buzzes
Fine Arts - Classical Music
1
1
0
0
25
67
75.50
1
2
Science - Other Science
1
1
0
1
25
49
104.00
0
1
Fine Arts - Painting and Sculpture
0
2
0
1
20
94
124.50
0
1
Science - Math
0
1
0
0
10
101
101.00
0
1
Social Science
0
0
2
0
-10
0.00
0
0
Buzzes
Category
Answer
Value
Buzz Position
Science - Other Science
dense
15
49
Social Science
truthful revelation
-5
53
Fine Arts - Classical Music
Pyotr Ilyich Tchaikovsky
15
67
Fine Arts - Classical Music
Walt Whitman
10
84
Fine Arts - Painting and Sculpture
Joseph Wright of Derby
10
94
Science - Math
argument
10
101
Social Science
US-Mexico borderlands
-5
105
Fine Arts - Painting and Sculpture
playing cards
10
155
Science - Other Science
markup
10
159
Previous
1
Next